Responses for show #2841 - Monday, December 30, 1996

Contestants

Ted Senator, a computer scientist from Bethesda, Maryland

Sara d'Anjou, a college academic specialist from Norfolk, Massachusetts

Jon Woodman, an attorney from Columbus, Ohio (whose 3-day cash winnings total $32,000)

Jeopardy! Round responses

U.S. PACIFIC DEPENDENCIES
TELEVISION
FURNITURE
GAMES OF CHANCE
1921
"OVER" & "UNDER"
(one or perhaps both may be in the correct response)
    $100 26
Commonwealth

Ted
    $100 6
Murphy Brown

Sara
    $100 21
Chests

Jon
    $100 11
double threes

Jon
    $100 16
The Tomb of the Unknown Soldier

Jon
    $100 1
(T: What is hell?)

The Underworld

JonTed
    $200 27
Hawaii

Ted
    $200 7
"Hill Street Blues"

Jon
    $200 22
Books

Jon
    $200 12
(T: What is blackjack?)
(J: What is poker?)

Bridge

JonTed
Triple Stumper
    $200 17
Mounds

Jon
    $200 2
Undertow

Sara
    $300 28
Guano

Ted
    $300 8
The Lone Ranger

Jon
    $300 23
Bedpost

Sara
    $300 13
Ace

Jon
    $300 18
Cigarettes

Jon
    $300 3
"Over hill, over dale"

Jon
    $400 29
(J: What are monsoons?)

Typhoons

JonTed
    $400 9
(T: Who is Bullwinkle?)

Aesop

Ted
Triple Stumper
    $400 24
Lacquer

Sara
    $400 14
Racetrack

Jon
    $400 19
(J: Who was Akihito?)

Hirohito

JonTed
    $500 4
Operation Overlord

Jon
    $500 30
Tuna

Ted
    $500 10
"The Bob Newhart Show"

Jon
    $500 25
(Ted: What is a bibelot?)
...
(Alex: We have less than a minute to go, Sara.)

Etagere

Ted
Triple Stumper
    $500 15
75

Jon
    $500 20
Rudolph Valentino

Jon
    $500 5
Bachman-Turner Overdrive

Triple Stumper

Scores at the first commercial break (after clue 13):

Jon Sara Ted
$2,100 $300 -$700

Scores at the end of the Jeopardy! Round:

Jon Sara Ted
$3,600 $1,000 $700

Double Jeopardy! Round responses

CONDUCTORS
AMERICAN HISTORY
WORDS
LITERATURE
ANCIENT GREEKS
FILMOGRAPHIES
(we'll list a series of films, you have to identify the star that appeared in all those films)
    $200 6
Berlin

Jon
    $200 7
The Mayflower

Jon
    $200 1
Pat

Sara
    $200 11
Russian

Ted
    $200 19
Socrates

Jon
    $200 20
Warren Beatty

Sara
    $400 14
Zubin Mehta

Ted
    $400 8
John Brown

Ted
    $400 2
Mute

Sara
    $400 12
Spain

Ted
    $400 21
(Jon: Who is Pericles?)

Damocles

JonSara
    $400 25
(J: Who is Ingrid Bergman?)
(and we've got a minute left in the round...)

Humphrey Bogart

JonTed
    $600 15
Leonard Bernstein

Ted
    $600 9
Mexico

Ted
    $600 3
Seasickness

Sara
    $600 18
Edgar Allan Poe

Ted
    $1,000 24
(A: A lot of people would have gone for Pythagoras, of course!)

Euclid

Sara
    $600 27
Charles Boyer

Triple Stumper
    $1,000 16
(A: Bet you've been there a few times!)

Massachusetts

Ted
    $800 10
(T: Who is Zachary Taylor?)

Andrew Jackson

SaraTed
    $800 4
Spinet (Giovanni Spinetti)

Sara
    $800 22
John Updike

Sara
    $800 26
Thespis

Jon
    $800 28
(J: Who is Ingrid Bergman?)
(A: You & Sara are determined to use Ingrid Bergman)

Cary Grant

Jon
Triple Stumper
    $1000 17
(Ted: Who is Stravinsky?)

Sergei Diaghilev

SaraTed
    $1000 13
(J: Who is Geronimo?)
(S: Who is Chief Joseph?)

Crazy Horse

JonSaraTed
    $1000 5
Nacre

Ted
    $1000 23
Thomas Mann

Sara
    $1000 29
(Jon: Who is Tom Hanks?)
[The end-of-round signal sounds.]

Rosie O'Donnell

Jon
Triple Stumper

Scores at the end of the Double Jeopardy! Round:

Jon Sara Ted
$1,400 $7,200 $5,500

[wagering suggestions for these scores]

Final Jeopardy! Round responses

THE 1500s
(Alex: Ah, what a century!)
(Alex: The other one that might have come to mind was Henry VIII.)
...
(Alex: We'll see you tomorrow to wrap up the year. So long!)
JonWho was Galileo?
$1,000
TedWho was Martin Luther?
$2,699
SaraWho is Galileo
$4,000
Martin Luther

Final scores:

Jon Sara Ted
$400 $3,200 $8,199
3rd place: Amana Free-Standing Range 2nd place: Trip to Cozumel, Mexico New champion: $8,199

Game dynamics:

Coryat scores:

Jon Sara Ted
$1,300 $6,800 $5,300
20 R
(including 1 DD),
8 W
15 R
(including 1 DD),
1 W
17 R
(including 1 DD),
6 W

Combined Coryat: $13,400

The J! Archive is created by fans, for fans. The Jeopardy! game show and all elements thereof, including but not limited to copyright and trademark thereto, are the property of Jeopardy Productions, Inc. and are protected under law. This website is not affiliated with, sponsored by, or operated by Jeopardy Productions, Inc. Join the discussion at JBoard.tv.